عرض عادي عرض مارك
  • O'Dowd, Geraldine.

مدخل إسم شخص

عدد التسجيلات المستخدمة في: 2

001 - رقم الضبط

  • حقل الضبط: 9359

003 - معرف رقم الضبط

  • حقل الضبط: OSt

005 - تاريخ ووقت أخر عملية

  • حقل الضبط: 20120110154018.0

008 - عناصر بيانات ثابتة الطول

  • حقل تحكم ثابت الطول: 120110|||a|||||| | ||| d

040 ## - مصدر الفهرسة

  • هيئة الفهرسة الأصلية: OSt
  • وكالة الكتابة: OSt

100 ## - مدخل -- أسم شخص

  • إسم شخص: O'Dowd, Geraldine.

670 ## - بيانات المصدر موجوده

  • الاستشهاد بالمصدر: Work cat.: (OSt)21783: Young, Barbara, Ph. D. 9356, Wheater's basic pathology :, c2011.